000 01909cam a2200385 i 4500
001 EDZ0000175489
003 StDuBDS
005 20161031105232.0
006 m||||||||d||||||||
007 cr |||||||||||
008 131127s2014 cau fo| 001|0|eng|d
020 _a9781483346595 (ebook) :
_cNo price
040 _aStDuBDS
_beng
_cStDuBDS
_erda
_epn
049 _aAlfaisal Main Library
050 0 _aLB2824
_b.E53 2014
082 0 4 _a379.13
_223
245 0 0 _aEncyclopedia of education economics and finance /
_ceditors, Dominic J. Brewer, Lawrence O. Picus.
264 1 _aThousand Oaks, California :
_bSAGE Publications,
_c2014.
300 _a1 online resource (xxvii, 429 pages)
336 _atext
_2rdacontent
337 _acomputer
_2rdamedia
338 _aonline resource
_2rdacarrier
504 _aIncludes bibliographical references and index.
520 8 _aEconomics can be a lens for understanding the behaviour of schools, districts, states, and nations in meeting education needs of their populaces, as well as for understanding the individual decisions made by administrators, teachers, and students. Insights from economics help decision makers at the state level understand how to raise and distribute funds for public schools in an equitable manner for both schools and taxpayers. This encyclopedia contains over 300 entries by experts in the field that cover these issues and more.
521 _aSpecialized.
588 _aDescription based on print version record.
650 0 _aEducation
_xFinance
_vEncyclopedias.
655 7 _aElectronic books.
_2local
700 1 _aBrewer, Dominic J.,
_eeditor.
700 1 _aPicus, Larry,
_d1954-
_eeditor.
710 2 _aSage eBooks
776 0 8 _iPrint version :
_z9781452281858
856 4 0 _uhttp://ezproxy.alfaisal.edu/login?url=http://sk.sagepub.com/reference/encyclopedia-of-education-economics-and-finance
942 _2lcc
_cEBOOKS
999 _c482337
_d482337